000 00642nam a22002177a 4500
003 UA-OsUOA
001 119328
007 ta
008 20161019b un ||||| |||| 00| 0 ukr d
100 _aІскорко-Гнатенко В.
090 _a82
_bИ99
942 _cSA
040 _aUA-OsUOA
_bukr
_cUA-OsUOA
_dUA-OsUOA
245 _aмаловідома сторінка біографії Олени Пчілки (перший київський період)
300 _aС.103-110
955 _a0
041 _aukr
080 _a82
773 0 _w119322
650 7 _a82 Література. Літературознавство
_2UDC
999 _c405519
_d405519